00419nam a2200169Ia 4500008004100000041001200041082001600053100002000069245003500089365000700124520001200131546001200143630003500155650001200190655001200202730003500214101110s9999 xx 000 0 und d aENGLISH bSR1208a954 aShree Prakashan aPakistan: Birth and Early Days b15 aHistory aENGLISH aPakistan: Birth and Early Days aHistory aHistory aPakistan: Birth and Early Days